Jeux vidéos de A-Z par image #3 - Statistiques

Statistiques générales
  • Ce quiz a été pris 1 238 fois
  • Le résultat moyen est 16 sur 26
Statistiques - réponses
Par images Hint Réponse % Correct
G Grand Theft Auto
98%
F Fortnite
97%
M Minecraft
96%
C Call of Duty
93%
R Rocket League
93%
S Snake
92%
D Detroit: Become Human
85%
P Portal
83%
H Hogwarts Legacy
81%
N NBA 2K
81%
A Apex Legends
80%
L Luigi's Mansion
79%
T Tekken
72%
W Wakfu
57%
B Borderlands
56%
J Just Cause
56%
I Injustice
55%
Y Yakuza
55%
U Until Dawn
53%
X X-Men, le jeu officiel
38%
O Okami
31%
E Epic Mickey
30%
V Vampyr
19%
K Kingdom Rush
9%
Z ZombiU
9%
Q Queen's Blade
4%
Aucun quiz correspondant
Distribution des résultats
% des personnes avec chaque résultat
Percentile par nombre de réponses
Votre historique - résultats
Vous n’avez pas pris ce quiz